000 00332nam a22001457a 4500
008 221213b ||||| |||| 00| 0 eng d
020 _a978721686478
041 _aeng
080 _2SECOND EDITION
_a610.73
082 _a610.73ABD
100 _a8
101 _aINF
245 _aHEALTH INFORMATION
_cABDELHAK M
942 _2udc
_cBK
999 _c59178
_d59178